|
|
|
|
| LEADER |
00000cam a2200000 7i4500 |
| 001 |
0000003355 |
| 005 |
20050824.0 |
| 020 |
0 |
0 |
|a 9837204869
|
| 090 |
0 |
0 |
|a 153.42
|b DEB
|
| 100 |
1 |
0 |
|a De Bono, Edward, ,
|d 1933-
|
| 245 |
1 |
0 |
|a Saya betul anda salah :
|b dari pemikiran kreatif ke zaman pembaharuan yang baru
|c Edward De Bono
|
| 260 |
0 |
0 |
|a Kuala Lumpur :
|b Golden Books Centre ,
|c 2004
|
| 300 |
|
|
|a xx, 357ms. ;
|c 22cm.
|
| 650 |
0 |
0 |
|a Creative thinking
|
| 650 |
0 |
0 |
|a Perception
|
| 650 |
0 |
0 |
|a Psychology
|
| 650 |
0 |
0 |
|a Thought and thinking
|
| 999 |
|
|
|a 0000006349
|b Monograph
|c Open Shelf
|e Default branch
|